Tìm hiểu khoa học kĩ thuật trong lịch sử Việt Nam

Tìm hiểu khoa học kĩ thuật trong lịch sử Việt Nam, từ thời đại bắt đầu dựng nước và trong quá trình cách mạng giải phóng dân tộc....

Sparad:
Bibliografiska uppgifter
Materialtyp: Bok
Språk:Vietnamese
Publicerad: Tp. Hồ Chí Minh Khoa học xã hội 1979
Ämnen:
Taggar: Lägg till en tagg
Inga taggar, Lägg till första taggen!
Thư viện lưu trữ: Mạng thư viện Đại học Đà Nẵng
LEADER 01398nam a2200361 4500
001 000009865
003 6063
005 20111103141101.0
008 111103s1979 viesd
020 |c 2.2đ 
041 0 |a vie 
082 |a 959.7  |b Tim 
245 0 |a Tìm hiểu khoa học kĩ thuật trong lịch sử Việt Nam  |c Văn Tạo (chủ biên), Hoàng Bảo Châu, Ngô Văn hòa... 
260 |a Tp. Hồ Chí Minh  |b Khoa học xã hội  |c 1979 
300 |a 379tr.  |c 19 cm 
500 |a ĐTTS ghi: Khoa học xã hội Việt Nam. Viện sử học 
504 |a Mục lục tr 379 
520 |a Tìm hiểu khoa học kĩ thuật trong lịch sử Việt Nam, từ thời đại bắt đầu dựng nước và trong quá trình cách mạng giải phóng dân tộc.... 
653 |a Tìm hiểu 
653 |a khoa học kĩ thuật 
653 |a Lịch sử 
653 |a Việt Nam 
910 |a Thương  |d 03/11/2011 
OWN |a LSP 
AVA |a UDN50  |b LSP  |d 959.7 Tim  |e unavailable  |t Error 5002 Not defined in file expand_doc_bib_avail.  |f 1  |g 1  |h N  |i 0  |k 1 
999 |a From the UDN01 
AVA |a UDN50  |b LSP  |d 959.7 Tim  |e unavailable  |t Error 5002 Not defined in file expand_doc_bib_avail.  |f 1  |g 1  |h N  |i 0  |k 1 
TYP |a Monograph 
TYP |a Printed language 
980 |a Mạng thư viện Đại học Đà Nẵng